| 000 | 01501cam a2200385 i 4500 | ||
|---|---|---|---|
| 001 | 22022229 | ||
| 005 | 20230208094802.0 | ||
| 008 | 210505s2021 pk 001 0 eng | ||
| 010 | _a 2021319568 | ||
| 020 | _a9780190705503 | ||
| 037 | _bLibrary of Congress -- Islamabad Overseas Office | ||
| 040 |
_aDLC _beng _cDLC _erda |
||
| 042 |
_alcode _apcc |
||
| 043 | _aa-pk--- | ||
| 050 | 0 | 0 |
_aLA1156 _b.N66 2021 |
| 082 |
_a371.207095491 _bNOO |
||
| 100 | 1 |
_aNoorani, Amjad, _eauthor. _9108711 |
|
| 245 | 1 | 0 |
_aAgents of change : _bthe problematic landscape of Pakistan's K-12 education and the people leading the change / _cAmjad Noorani and Nadeem Hussain ; foreword by Shashi Buluswar. |
| 250 | _aFirst edition. | ||
| 264 | 1 |
_aKarachi : _bOxfor University Press , _c2021. |
|
| 300 |
_axxii, 477 pages ; _c24 cm |
||
| 336 |
_atext _btxt _2rdacontent |
||
| 337 |
_aunmediated _bn _2rdamedia |
||
| 338 |
_avolume _bnc _2rdacarrier |
||
| 504 | _aIncludes bibliographical references and index. | ||
| 650 | 0 |
_aEducational change _zPakistan. _9108712 |
|
| 650 | 0 |
_aEducational innovations _zPakistan. _9108713 |
|
| 650 | 0 |
_aSchool improvement program _zPakistan. _9108714 |
|
| 650 | 0 |
_aEducational leadership _zPakistan. _9108715 |
|
| 700 | 1 |
_aHussain, Nadeem _c(Research fellow), _eauthor. _984116 |
|
| 700 | 1 |
_aBuluswar, Shashi, _ewriter of introduction. _9108716 |
|
| 906 |
_a7 _bcbc _corigode _d3 _encip _f20 _gy-gencatlg |
||
| 942 |
_2ddc _cBK |
||
| 999 |
_c593153 _d593153 |
||